000 00310nam a2200133Ia 4500
005 20260326235452.0
008 260326s9999||||xx |||||||||||||| ||und||
100 _aAckerman, James S.
245 0 _aPalladio /
_cJames S. Ackerman
260 _bPenguin
300 _a196 p.
650 _aARQUITECTOS
942 _cBK
999 _c7814
_d7814